[Event "Irish New Year IM Norm Event 1 2020"]
[Site "Dublin IRL"]
[Date "2020.01.02"]
[Round "1.1"]
[White "Baker, Chris W."]
[Black "Mannion, Stephen R."]
[Result "1/2-1/2"]
[WhiteTitle "IM"]
[BlackTitle "IM"]
[WhiteElo "2225"]
[BlackElo "2283"]
[WhiteNationality "ENG"]
[BlackNationality "SCO"]
[WhiteFideId "401676"]
[BlackFideId "2400111"]
[PlyCount "33"]
[EventDate "2020.01.02"]

{ Event information: <a
href="https://www.irlchess.com/irishnyim1-2020_allfiles/pairings_irishnyim1-2020.html">Tournament
report</a>. }

1. d4 d5 2. Nf3 Nf6 3. c4 dxc4 4. e3 e6 5. Bxc4 c5 6. O-O a6 7. Qe2 b5 8.
Bd3 Nbd7 9. a4 b4 10. Nbd2 Bb7 11. Rd1 Be7 12. Nc4 O-O 13. Nfe5 Qc7 14. Bd2
a5 15. Rac1 Rac8 16. f4 g6 17. Rf1 1/2-1/2

[Event "Irish New Year IM Norm Event 1 2020"]
[Site "Dublin IRL"]
[Date "2020.01.02"]
[Round "1.3"]
[White "Melaugh, Shane"]
[Black "Ahlander, Bjorn"]
[Result "1/2-1/2"]
[WhiteTitle "CM"]
[BlackTitle "IM"]
[WhiteElo "2207"]
[BlackElo "2418"]
[WhiteICU "2149"]
[WhiteClub "Elm Mount"]
[WhiteNationality "IRL"]
[BlackNationality "SWE"]
[WhiteFideId "2509580"]
[BlackFideId "1700251"]
[PlyCount "199"]
[EventDate "2020.01.02"]
[BlackFullName "Ahlander, Bj&ouml;rn"]

{ Event information: <a
href="https://www.irlchess.com/irishnyim1-2020_allfiles/pairings_irishnyim1-2020.html">Tournament
report</a>. }

1. c4 e6 2. Nc3 d5 3. d4 Nf6 4. Bf4 Bb4 5. Nf3 c5 6. e3 Nc6 7. a3 Bxc3+ 8.
bxc3 O-O 9. Bd3 dxc4 10. Bxc4 Nd5 11. Bxd5 exd5 12. O-O c4 13. Qc2 Re8 14.
Rfe1 Ne7 15. e4 Ng6 16. Bg3 Be6 17. exd5 Qxd5 18. Ne5 Ne7 19. Nf3 f6 20.
Nd2 Bf5 21. Qa2 Bd3 22. Re3 Qf7 23. Ne4 Nf5 24. Nd6 Nxd6 25. Bxd6 Rxe3 26.
fxe3 Qe6 27. Bf4 g5 28. Bg3 Qxe3+ 29. Bf2 Qe6 30. Re1 Qf7 31. Qd2 Re8 32.
h4 h6 33. Re3 Kg7 34. Qe1 Rxe3 35. Qxe3 b6 36. Bg3 Qd7 37. h5 Bh7 38. Qf3
Bg8 39. Qa8 Bd5 40. Qb8 Qb7 41. Qe8 Bf7 42. Qe2 Qd7 43. Bb8 a6 44. Kh2 b5
45. g4 Qe8 46. Qxe8 Bxe8 47. Bd6 Bc6 48. Kg3 Kf7 49. Bb4 Bd5 50. Bc5 Be6
51. Bd6 f5 52. gxf5 Bxf5 53. Kf3 Bc2 54. Ke2 Be4 55. Kf2 Bf5 56. Kf3 Bc2
57. Ke2 Bb1 58. Be5 Kg8 59. Bd6 Be4 60. Kf2 Bd5 61. Bc7 Bf7 62. Ke3 Bxh5
63. d5 Kf7 64. Be5 Bd1 65. Kd4 Bf3 66. Bh8 Ke7 67. Ke5 g4 68. Bf6+ Kd7 69.
Bh4 Be2 70. Bg3 h5 71. Bh4 Bd3 72. Bg3 Bg6 73. Bh4 Bf7 74. Bg3 Be8 75. Kd4
Kc8 76. Bh4 Kb7 77. Kc5 Bf7 78. Bg3 Bg8 79. Bh4 Kc7 80. Bg3+ Kd7 81. Bh4
Ke8 82. Kd4 Bh7 83. Ke5 Bc2 84. Ke6 Be4 85. Ke5 Bg2 86. Bg3 Kf7 87. Bh4 Bf3
88. Bg3 a5 89. Be1 Ke7 90. Bh4+ Kf7 91. Be1 g3 92. Bxg3 b4 93. cxb4 axb4
94. axb4 c3 95. b5 c2 96. Bf4 Ke7 97. b6 Kd7 98. Kd4 Kc8 99. Kc3 Bxd5 100.
Kxc2 1/2-1/2

[Event "Irish New Year IM Norm Event 1 2020"]
[Site "Dublin IRL"]
[Date "2020.01.02"]
[Round "1.4"]
[White "Kanyamarala, Tarun"]
[Black "Waters, Michael"]
[Result "1-0"]
[WhiteTitle "FM"]
[WhiteElo "2320"]
[BlackElo "2130"]
[WhiteICU "2220"]
[BlackICU "2092"]
[WhiteClub "Balbriggan"]
[BlackClub "Bray/Greystones"]
[WhiteNationality "IRL"]
[BlackNationality "IRL"]
[WhiteFideId "45004714"]
[BlackFideId "2500523"]
[PlyCount "97"]
[EventDate "2020.01.02"]

{ Event information: <a
href="https://www.irlchess.com/irishnyim1-2020_allfiles/pairings_irishnyim1-2020.html">Tournament
report</a>. }

1. d4 d5 2. c4 e6 3. Nf3 Nf6 4. g3 c5 5. cxd5 Nxd5 6. Bg2 cxd4 7. Nxd4 Bb4+
8. Bd2 Bxd2+ 9. Qxd2 O-O 10. O-O Nc6 11. Nxc6 bxc6 12. Na3 Ba6 13. Rac1 Qb6
14. Nc4 Qb5 15. Rfd1 Rab8 16. Ne5 c5 17. Bf1 Nf6 18. b3 Rbc8 19. Nc4 Qb4
20. Qd6 Bb7 21. Ne5 Bd5 22. f3 Qb6 23. Qxb6 axb6 24. e4 Bb7 25. Rd6 Rc7 26.
Rxb6 g5 27. g4 h5 28. h3 Rd8 29. b4 hxg4 30. hxg4 Rd4 31. Rxc5 Re7 32. Nd3
Bxe4 33. fxe4 Nxe4 34. Re5 Ra7 35. Ra5 Rc7 36. Nc5 Nc3 37. Bh3 Rd2 38. Ra8+
Kg7 39. Bf1 Nxa2 40. Ne4 Rb2 41. Rbb8 f6 42. Rg8+ Kf7 43. Raf8+ Ke7 44.
Rxf6 Rc1 45. Rg7+ Ke8 46. Rh6 Kf8 47. Rd7 Ke8 48. Nf6+ Kf8 49. Rh8# 1-0

[Event "Irish New Year IM Norm Event 1 2020"]
[Site "Dublin IRL"]
[Date "2020.01.03"]
[Round "2.2"]
[White "Waters, Michael"]
[Black "O'Donnell, Conor"]
[Result "0-1"]
[BlackTitle "FM"]
[WhiteElo "2130"]
[BlackElo "2307"]
[WhiteICU "2092"]
[BlackICU "2297"]
[WhiteClub "Bray/Greystones"]
[BlackClub "Gonzaga"]
[WhiteNationality "IRL"]
[BlackNationality "IRL"]
[WhiteFideId "2500523"]
[BlackFideId "2504243"]
[PlyCount "106"]
[EventDate "2020.01.02"]

{ Event information: <a
href="https://www.irlchess.com/irishnyim1-2020_allfiles/pairings_irishnyim1-2020.html">Tournament
report</a>. }

1. Nf3 c5 2. e3 g6 3. c4 Nf6 4. Nc3 Bg7 5. Be2 O-O 6. O-O d5 7. cxd5 Nxd5
8. Qb3 Nc7 9. d4 cxd4 10. exd4 b6 11. Rd1 Bb7 12. d5 Nd7 13. d6 exd6 14.
Rxd6 Qe7 15. Qd1 Rad8 16. Bg5 Nf6 17. Rxd8 Rxd8 18. Qa4 Ncd5 19. Nxd5 Rxd5
20. Bc4 Ra5 21. Qb3 Bxf3 22. Bxf6 Bxf6 23. Qxf3 Bxb2 24. Rd1 Rf5 25. Qd3
Qc5 26. Rd2 Bf6 27. g3 Kg7 28. a4 Rxf2 29. Rxf2 Bd4 30. Kg2 Bxf2 31. Qd5
Qxd5+ 32. Bxd5 Bc5 33. g4 h6 34. h4 f5 35. gxf5 gxf5 36. h5 Kf6 37. Kf3 Ke5
38. Bc4 f4 39. Bb5 Be7 40. Bf1 Bg5 41. Ba6 Kd4 42. Bb5 Kd5 43. Ba6 Kc5 44.
Ke4 Kb4 45. Bb5 a6 46. Bxa6 Kxa4 47. Bb7 Kb3 48. Kd3 b5 49. Bf3 b4 50. Bd1+
Ka2 51. Kc4 Be7 52. Bf3 b3 53. Kd3 b2 0-1

[Event "Irish New Year IM Norm Event 1 2020"]
[Site "Dublin IRL"]
[Date "2020.01.03"]
[Round "2.5"]
[White "Baker, Chris W."]
[Black "Delaney, Killian"]
[Result "0-1"]
[WhiteTitle "IM"]
[WhiteElo "2225"]
[BlackElo "2278"]
[BlackICU "2239"]
[BlackClub "Gonzaga"]
[WhiteNationality "ENG"]
[BlackNationality "IRL"]
[WhiteFideId "401676"]
[BlackFideId "2501570"]
[PlyCount "89"]
[EventDate "2020.01.02"]

{ Event information: <a
href="https://www.irlchess.com/irishnyim1-2020_allfiles/pairings_irishnyim1-2020.html">Tournament
report</a>. }

1. d4 d5 2. Nf3 Nc6 3. Bf4 Bg4 4. e3 e6 5. c3 Bd6 6. Bg3 Nf6 7. Nbd2 Ne4 8.
Qb3 Nxd2 9. Nxd2 Rb8 10. Bd3 Bh5 11. O-O Bg6 12. c4 Na5 13. Qc3 Bxd3 14.
Qxd3 Nxc4 15. Nxc4 dxc4 16. Qxc4 O-O 17. Rfc1 Bxg3 18. hxg3 c6 19. b4 Qd7
20. Qc5 a6 21. a4 Rfc8 22. Qb6 g6 23. Rc5 Kf8 24. Rac1 Qd8 25. Qxd8+ Rxd8
26. g4 Ke7 27. Kf1 Rd5 28. Ke2 Rxc5 29. Rxc5 Kd6 30. Kd3 Rh8 31. Rc1 h5 32.
Rh1 f5 33. gxf5 gxf5 34. Rh4 a5 35. bxa5 Ra8 36. Rxh5 Rxa5 37. g4 Rxa4 38.
gxf5 Ra5 39. e4 exf5 40. Rh6+ Ke7 41. e5 Rd5 42. Rh7+ Ke6 43. Rxb7 c5 44.
Rb6+ Ke7 { Live boards now gave the illegal 44... Rxd4+ 45. f4+ Ke7+ 46.
Ke3 Rb4 47. Rf6 Rb3+ 48. Ke2 Ra3 0-1. } 45. Ke3 { (Time?) } 0-1

[Event "Irish New Year IM Norm Event 1 2020"]
[Site "Dublin IRL"]
[Date "2020.01.03"]
[Round "3.3"]
[White "Kanyamarala, Tarun"]
[Black "Venkatesan, Kavin"]
[Result "1/2-1/2"]
[WhiteTitle "FM"]
[WhiteElo "2320"]
[BlackElo "1815"]
[WhiteICU "2220"]
[BlackICU "1874"]
[WhiteClub "Balbriggan"]
[BlackClub "St. Benildus"]
[WhiteNationality "IRL"]
[BlackNationality "IRL"]
[WhiteFideId "45004714"]
[BlackFideId "2512602"]
[PlyCount "117"]
[EventDate "2020.01.02"]

{ Event information: <a
href="https://www.irlchess.com/irishnyim1-2020_allfiles/pairings_irishnyim1-2020.html">Tournament
report</a>. }

1. e4 c5 2. Nf3 d6 3. d4 cxd4 4. Qxd4 e5 5. Qe3 Nf6 6. c4 Be7 7. Be2 O-O 8.
O-O Be6 9. Nc3 Nbd7 10. b3 Qb6 11. Qd2 Nc5 12. Qc2 Qc6 13. Nd2 a6 14. Bb2
Rab8 15. Rac1 Rfc8 16. Nd5 Bxd5 17. exd5 Qe8 18. f4 exf4 19. Rce1 Qd7 20.
Rxf4 Re8 21. Rh4 h6 22. Rf1 Bd8 23. Bd1 Qe7 24. Rh3 Ncd7 25. Qf5 Ne5 26.
Bd4 b5 27. Re3 Bb6 28. Bxb6 Rxb6 29. Bc2 Qc7 30. Rg3 Ng6 31. Qf2 Qc5 32.
Bxg6 fxg6 33. Rxg6 Re2 34. Qxc5 dxc5 35. Nf3 bxc4 36. bxc4 Nxd5 37. Rxb6
Nxb6 38. Re1 Rxe1+ 39. Nxe1 Nxc4 40. Nd3 Kf7 41. Nxc5 a5 42. Kf2 Ke7 43.
Kf3 Kd6 44. Ne4+ Ke5 45. h4 h5 46. Nc5 Kf5 47. a4 Nb6 48. g3 g6 49. Ke3 Ke5
50. Nd3+ Kf5 51. Nb2 Ke5 52. Nd3+ Kf5 53. Nc5 Ke5 54. Kf3 Kf5 55. Kf2 g5
56. Kf3 gxh4 57. gxh4 Ke5 58. Nb3 Nxa4 59. Nxa5 1/2-1/2

[Event "Irish New Year IM Norm Event 1 2020"]
[Site "Dublin IRL"]
[Date "2020.01.03"]
[Round "3.4"]
[White "O'Donnell, Conor"]
[Black "Ahlander, Bjorn"]
[Result "1/2-1/2"]
[WhiteTitle "FM"]
[BlackTitle "IM"]
[WhiteElo "2307"]
[BlackElo "2418"]
[WhiteICU "2297"]
[WhiteClub "Gonzaga"]
[WhiteNationality "IRL"]
[BlackNationality "SWE"]
[WhiteFideId "2504243"]
[BlackFideId "1700251"]
[PlyCount "62"]
[EventDate "2020.01.02"]
[BlackFullName "Ahlander, Bj&ouml;rn"]

{ Event information: <a
href="https://www.irlchess.com/irishnyim1-2020_allfiles/pairings_irishnyim1-2020.html">Tournament
report</a>. }

1. c4 e5 2. Nc3 Nf6 3. Nf3 Nc6 4. e4 Bc5 5. Nxe5 Nxe5 6. d4 Bb4 7. dxe5
Nxe4 8. Qf3 d5 9. Be2 O-O 10. O-O Bxc3 11. bxc3 c6 12. cxd5 cxd5 13. c4 Be6
14. Rd1 Qa5 15. cxd5 Bxd5 16. Qa3 Qxa3 17. Bxa3 Rfd8 18. Rac1 Bc6 19. Rxd8+
Rxd8 20. Bf3 h6 21. Bxe4 Bxe4 22. Bd6 f6 23. f4 Bc6 24. Rc2 Kf7 25. Kf2 Ke6
26. Ke3 Rd7 27. g4 fxe5 28. fxe5 Rf7 29. Rf2 Rxf2 30. Kxf2 g6 31. Ke3 h5
1/2-1/2

[Event "Irish New Year IM Norm Event 1 2020"]
[Site "Dublin IRL"]
[Date "2020.01.04"]
[Round "4.3"]
[White "Venkatesan, Kavin"]
[Black "O'Donnell, Conor"]
[Result "1-0"]
[BlackTitle "FM"]
[WhiteElo "1815"]
[BlackElo "2307"]
[WhiteICU "1874"]
[BlackICU "2297"]
[WhiteClub "St. Benildus"]
[BlackClub "Gonzaga"]
[WhiteNationality "IRL"]
[BlackNationality "IRL"]
[WhiteFideId "2512602"]
[BlackFideId "2504243"]
[PlyCount "139"]
[EventDate "2020.01.02"]

{ Event information: <a
href="https://www.irlchess.com/irishnyim1-2020_allfiles/pairings_irishnyim1-2020.html">Tournament
report</a>. }

1. d4 e6 2. c4 b6 3. Nc3 Bb7 4. e3 f5 5. Nf3 Nf6 6. Bd3 Bb4 7. O-O Ne4 8.
Bxe4 fxe4 9. Nd2 Bxc3 10. bxc3 Qg5 11. Qe2 c5 12. f3 Qh5 13. Qd1 exf3 14.
Nxf3 O-O 15. Bb2 Nc6 16. Qd3 Na5 17. Nd2 d6 18. e4 Ba6 19. d5 e5 20. Rae1
Rxf1+ 21. Rxf1 Rf8 22. Rxf8+ Kxf8 23. Qf3+ Qxf3 24. gxf3 Bxc4 25. a3 Ke7
26. Kf2 Kf6 27. Kg3 Be2 28. Kf2 Bd1 29. Nf1 Ba4 30. Ne3 Bd7 31. Kg3 Kg5 32.
Nc2 Nb7 33. Ne3 b5 34. Nc2 Nd8 35. Ne3 Nf7 36. Nc2 Nh8 37. Ne3 Ng6 38. Bc1
Kf6 39. Nc2 Nh8 40. Ne3 Nf7 41. Bb2 Ng5 42. Bc1 Nh3 43. Nc2 g5 44. Ne1 Nf4
45. Bxf4 exf4+ 46. Kf2 a5 47. Nc2 h5 48. Kg2 g4 49. Ne1 c4 50. h3 Ke5 51.
hxg4 hxg4 52. Nc2 gxf3+ 53. Kxf3 Be8 54. Nd4 Bh5+ 55. Kf2 b4 56. axb4 axb4
57. Nc6+ Kxe4 58. Nxb4 Bg4 59. Ke1 Ke3 60. Nc2+ Ke4 61. Nb4 Kf3 62. Nc2 Kg2
63. Na3 f3 64. Nxc4 f2+ 65. Kd2 Kf3 66. Ne3 Ke4 67. Nf1 Kf4 $2 (67... Bh3
68. Ke2 Bxf1+ 69. Kxf1 Kxd5 70. Kxf2 Kc4 $19) 68. Ne3 $2 (68. Kd3 $10)
68... Bh5 $2 (68... Ke4 $1 $19 (68... Bh3 $2 69. Ke2 $10)) 69. Nf1 Kf3 70.
Ne3 $2 $19 (70. Ne3 $2 (70. Kd3 $10) 70... Ke4 $19) { (Time?) } 1-0

[Event "Irish New Year IM Norm Event 1 2020"]
[Site "Dublin IRL"]
[Date "2020.01.04"]
[Round "4.4"]
[White "Baker, Chris W."]
[Black "Kanyamarala, Tarun"]
[Result "1-0"]
[WhiteTitle "IM"]
[BlackTitle "FM"]
[WhiteElo "2225"]
[BlackElo "2320"]
[BlackICU "2220"]
[BlackClub "Balbriggan"]
[WhiteNationality "ENG"]
[BlackNationality "IRL"]
[WhiteFideId "401676"]
[BlackFideId "45004714"]
[PlyCount "53"]
[EventDate "2020.01.02"]

{ Event information: <a
href="https://www.irlchess.com/irishnyim1-2020_allfiles/pairings_irishnyim1-2020.html">Tournament
report</a>. }

1. d4 Nf6 2. Nf3 d5 3. c4 e6 4. Nc3 c6 5. e3 Nbd7 6. Be2 dxc4 7. Bxc4 b5 8.
Bd3 Bb7 9. O-O a6 10. e4 c5 11. d5 c4 12. Bc2 Qc7 13. dxe6 fxe6 14. Qe2 Bd6
15. Bg5 O-O-O 16. Rad1 h6 17. Bh4 g5 18. Bg3 Bxg3 19. hxg3 Ne5 20. Nxe5
Qxe5 21. Qe3 Kc7 22. Rxd8 Rxd8 23. Rd1 Rf8 $2 (23... Rxd1+ $15) 24. Nd5+ $2
(24. f4 $1 gxf4 25. gxf4 Qh5 26. Qd4 $18) 24... Kb8 $2 (24... exd5 25. Qc5+
Bc6 26. Qxf8 Qxb2 $10) 25. Nxf6 Rxf6 $2 (25... Qxf6 26. e5 $18) 26. Qb6 Rf8
27. Rd7 1-0

[Event "Irish New Year IM Norm Event 1 2020"]
[Site "Dublin IRL"]
[Date "2020.01.04"]
[Round "5.2"]
[White "Kanyamarala, Tarun"]
[Black "Delaney, Killian"]
[Result "1/2-1/2"]
[WhiteTitle "FM"]
[WhiteElo "2320"]
[BlackElo "2278"]
[WhiteICU "2220"]
[BlackICU "2239"]
[WhiteClub "Balbriggan"]
[BlackClub "Gonzaga"]
[WhiteNationality "IRL"]
[BlackNationality "IRL"]
[WhiteFideId "45004714"]
[BlackFideId "2501570"]
[PlyCount "92"]
[EventDate "2020.01.02"]

{ Event information: <a
href="https://www.irlchess.com/irishnyim1-2020_allfiles/pairings_irishnyim1-2020.html">Tournament
report</a>. }

1. d4 d5 2. c4 dxc4 3. Nf3 Nf6 4. Qa4+ Nc6 5. Qxc4 Nd7 6. Nc3 Nb6 7. Qd3 e5
8. Nxe5 Nb4 9. Qd1 Qxd4 10. Qxd4 Nc2+ 11. Kd1 Nxd4 12. e3 Ne6 13. Bd2 Bd6
14. Nc4 Nxc4 15. Bxc4 c6 16. Ne4 Be7 17. a4 Nc5 18. Nxc5 Bxc5 19. b4 Be7
20. Bc3 Be6 21. Bxe6 fxe6 22. Ke2 Bf6 23. Bxf6 gxf6 24. Rhd1 e5 25. Rd6 Ke7
26. Rad1 Rhd8 27. Rxd8 Rxd8 28. Rxd8 Kxd8 29. Kf3 Kd7 30. Ke4 c5 $2 (30...
h5 $14) 31. bxc5 Kc6 32. g4 $2 (32. Kf5 $18) 32... Kxc5 33. f4 exf4 34.
exf4 b5 $2 (34... Kd6 $10) 35. axb5 Kxb5 36. g5 $2 (36. Kd5 $3 $18 { , e.g.
} 36... a5 37. g5 f5 38. h4 a4 39. Kd4 Kb4 40. Kd3 Kb3 41. h5 a3 42. g6
hxg6 43. hxg6 a2 44. g7 a1=Q 45. g8=Q+ Kb4 46. Qc4+ Ka5 47. Qd5+ Kb6 48.
Qd4+ Qxd4+ 49. Kxd4 $18) 36... Kc5 37. h4 Kd6 38. Kf5 a5 39. g6 hxg6+ 40.
Kxg6 a4 41. h5 a3 42. h6 a2 43. h7 a1=Q 44. h8=Q Qb1+ 45. f5 Qg1+ 46. Kf7
Qa7+ 1/2-1/2

[Event "Irish New Year IM Norm Event 1 2020"]
[Site "Dublin IRL"]
[Date "2020.01.04"]
[Round "5.3"]
[White "O'Donnell, Conor"]
[Black "Baker, Chris W."]
[Result "1-0"]
[WhiteTitle "FM"]
[BlackTitle "IM"]
[WhiteElo "2307"]
[BlackElo "2225"]
[WhiteICU "2297"]
[WhiteClub "Gonzaga"]
[WhiteNationality "IRL"]
[BlackNationality "ENG"]
[WhiteFideId "2504243"]
[BlackFideId "401676"]
[PlyCount "55"]
[EventDate "2020.01.02"]

{ Event information: <a
href="https://www.irlchess.com/irishnyim1-2020_allfiles/pairings_irishnyim1-2020.html">Tournament
report</a>. }

1. c4 e5 2. Nc3 Nf6 3. Nf3 Nc6 4. e4 Bc5 5. Nxe5 Nxe5 6. d4 Bb4 7. dxe5
Nxe4 8. Qf3 f5 9. Bd3 Nxc3 10. a3 Be7 11. bxc3 O-O 12. O-O d6 13. Bf4 dxe5
14. Bxe5 Bf6 15. Rfe1 c6 16. c5 Bxe5 17. Rxe5 Qf6 18. Rae1 Bd7 19. Qf4 Rad8
20. Qa4 Bc8 21. Bc4+ Kh8 22. Qxa7 f4 23. Qa4 f3 24. g3 Rd2 25. Bf1 Rxf2 26.
Kxf2 Qh6 27. Qf4 Qxh2+ 28. Ke3 1-0

[Event "Irish New Year IM Norm Event 1 2020"]
[Site "Dublin IRL"]
[Date "2020.01.04"]
[Round "5.5"]
[White "Waters, Michael"]
[Black "Ahlander, Bjorn"]
[Result "0-1"]
[BlackTitle "IM"]
[WhiteElo "2130"]
[BlackElo "2418"]
[WhiteICU "2092"]
[WhiteClub "Bray/Greystones"]
[WhiteNationality "IRL"]
[BlackNationality "SWE"]
[WhiteFideId "2500523"]
[BlackFideId "1700251"]
[PlyCount "134"]
[EventDate "2020.01.02"]
[BlackFullName "Ahlander, Bj&ouml;rn"]

{ Event information: <a
href="https://www.irlchess.com/irishnyim1-2020_allfiles/pairings_irishnyim1-2020.html">Tournament
report</a>. }

1. e4 c5 2. Nc3 Nc6 3. f4 g6 4. Nf3 Bg7 5. Bc4 e6 6. f5 gxf5 7. d3 Nge7 8.
O-O d5 9. exd5 exd5 10. Bb3 Be6 11. Ng5 Qd7 12. Bf4 Nd4 13. Ba4 Nec6 14.
Re1 O-O-O 15. Nf3 a6 16. Ne5 Bxe5 17. Bxe5 b5 18. Bxh8 Rxh8 19. a3 bxa4 20.
Nxa4 Qa7 21. c3 Nb5 22. Kh1 Rg8 23. Qf3 Nb8 24. b4 Nd7 25. Re2 Qc7 26. Qf2
Rg4 27. Qe1 Qd6 28. h3 Rg6 29. Rc1 c4 30. Rd1 Qg3 31. Qg1 cxd3 32. Re3 Qc7
33. Rexd3 f4 34. Qf2 Ne5 35. Rxd5 Bxd5 36. Rxd5 f3 37. g4 Nd7 38. Qxf3 Rf6
39. Rf5 Rxf5 40. Qxf5 Qc6+ 41. Kg1 Nd6 42. Qa5 Qb5 43. Qxb5 Nxb5 44. Nb2
Nxc3 45. a4 Nb6 46. b5 a5 47. Kg2 Ncxa4 48. Nd3 Nc3 49. Kf3 a4 50. Kf4 a3
51. Nc1 f6 52. Kf5 Nbd5 53. Ke6 Kd8 54. Kf7 Nxb5 55. Kg7 Ke7 56. Kxh7 Kf7
57. h4 Nd6 58. g5 f5 59. h5 Ne7 60. g6+ Kf6 61. Na2 Ne8 62. Nc3 f4 63. Ne4+
Kf5 64. Nc3 Nf6+ 65. Kh6 f3 66. Nd1 a2 67. Ne3+ Kf4 0-1

[Event "Irish New Year IM Norm Event 1 2020"]
[Site "Dublin IRL"]
[Date "2020.01.05"]
[Round "6.1"]
[White "Mannion, Stephen R."]
[Black "Ahlander, Bjorn"]
[Result "1/2-1/2"]
[WhiteTitle "IM"]
[BlackTitle "IM"]
[WhiteElo "2283"]
[BlackElo "2418"]
[WhiteNationality "SCO"]
[BlackNationality "SWE"]
[WhiteFideId "2400111"]
[BlackFideId "1700251"]
[PlyCount "84"]
[EventDate "2020.01.02"]
[BlackFullName "Ahlander, Bj&ouml;rn"]

{ Event information: <a
href="https://www.irlchess.com/irishnyim1-2020_allfiles/pairings_irishnyim1-2020.html">Tournament
report</a>. }

1. e4 c5 2. Nf3 d6 3. d4 cxd4 4. Nxd4 Nf6 5. Nc3 a6 6. f4 e5 7. Nf3 Qc7 8.
a4 Be7 9. Bd3 O-O 10. O-O b6 11. Kh1 Nbd7 12. Qe1 Bb7 13. Nh4 g6 14. f5
Rfe8 15. Bg5 Rac8 16. fxg6 hxg6 17. Qf2 Rf8 18. Qe2 Kg7 19. Rf2 Rh8 20.
Raf1 Rh5 21. Nf3 Rch8 22. g4 R5h7 23. Nd2 Nxe4 24. Ndxe4 Bxg5 25. Rxf7+ Kg8
26. Rxh7 Rxh7 27. Bc4+ Kh8 28. Nd5 Qd8 29. Nxd6 Bc6 30. Nf7+ Rxf7 31. Rxf7
Nf6 32. Qf3 Bf4 33. Rxf6 Qxf6 34. Nxf6 Bxf3+ 35. Kg1 Kg7 36. Nd5 Bc1 37.
Kf2 Bxg4 38. b3 Bf5 39. c3 Bb2 40. Bxa6 Be6 41. Bc4 Bxd5 42. Bxd5 e4
1/2-1/2

[Event "Irish New Year IM Norm Event 1 2020"]
[Site "Dublin IRL"]
[Date "2020.01.05"]
[Round "6.2"]
[White "Venkatesan, Kavin"]
[Black "Waters, Michael"]
[Result "1-0"]
[WhiteElo "1815"]
[BlackElo "2130"]
[WhiteICU "1874"]
[BlackICU "2092"]
[WhiteClub "St. Benildus"]
[BlackClub "Bray/Greystones"]
[WhiteNationality "IRL"]
[BlackNationality "IRL"]
[WhiteFideId "2512602"]
[BlackFideId "2500523"]
[PlyCount "73"]
[EventDate "2020.01.02"]

{ Event information: <a
href="https://www.irlchess.com/irishnyim1-2020_allfiles/pairings_irishnyim1-2020.html">Tournament
report</a>. }

1. d4 d5 2. c4 e6 3. Nc3 Nf6 4. cxd5 Nxd5 5. e4 Nxc3 6. bxc3 c5 7. Nf3 cxd4
8. cxd4 Nd7 9. Bd3 Bb4+ 10. Bd2 Bxd2+ 11. Qxd2 O-O 12. O-O b6 13. Bb5 Bb7
14. Bxd7 Qxd7 15. Ne5 Qd6 16. f3 Rfd8 17. Rfd1 Rac8 18. Rac1 b5 19. Rxc8
Rxc8 20. Qb2 a6 21. Rd2 f6 22. Nd3 Rc4 23. Nc5 Bc8 24. Nb3 Bd7 25. h3 h6
26. Kh1 Be8 27. e5 fxe5 28. dxe5 Qc7 29. Rd6 Rc2 30. Qd4 Rxa2 31. Nc5 Bf7
$2 (31... Rc2 32. Nxe6 Qc4 $10) 32. Rd8+ Kh7 33. Rd7 $18 Qa5 34. Rxf7 Qe1+
35. Kh2 Qe2 36. Qg4 Qxe5+ 37. f4 1-0

[Event "Irish New Year IM Norm Event 1 2020"]
[Site "Dublin IRL"]
[Date "2020.01.05"]
[Round "6.4"]
[White "Delaney, Killian"]
[Black "O'Donnell, Conor"]
[Result "0-1"]
[BlackTitle "FM"]
[WhiteElo "2278"]
[BlackElo "2307"]
[WhiteICU "2239"]
[BlackICU "2297"]
[WhiteClub "Gonzaga"]
[BlackClub "Gonzaga"]
[WhiteNationality "IRL"]
[BlackNationality "IRL"]
[WhiteFideId "2501570"]
[BlackFideId "2504243"]
[PlyCount "93"]
[EventDate "2020.01.02"]

{ Event information: <a
href="https://www.irlchess.com/irishnyim1-2020_allfiles/pairings_irishnyim1-2020.html">Tournament
report</a>. }

1. d4 Nf6 2. Nf3 c5 3. d5 b5 4. Bg5 Qb6 5. Bxf6 Qxf6 6. e4 Qxb2 7. Nbd2 g6
8. Rb1 Qxa2 9. Ra1 Qb2 10. Rb1 Qa2 11. Ra1 Qb2 12. Rb1 Qc3 13. Bxb5 Bg7 14.
O-O O-O 15. e5 Na6 16. Qe2 Nb4 17. Rfc1 Na2 18. Rd1 Rb8 19. Ne4 Qa5 20. c4
a6 21. Ra1 axb5 22. Rxa2 Qb6 23. d6 exd6 24. Rxd6 Qb7 25. Rad2 bxc4 26.
Qxc4 Qb4 27. Qxb4 cxb4 28. Nc5 Re8 29. R6d5 Bb7 30. Nxb7 Rxb7 31. Rxd7 Rxd7
32. Rxd7 Bxe5 33. Rb7 Rb8 34. Rxb8+ Bxb8 35. Kf1 b3 36. Ke2 b2 37. Nd2 Kg7
38. Kd3 Bf4 39. Nb1 Bxh2 40. g3 h5 41. Ke4 Kf6 42. Kf3 h4 43. Kg2 hxg3 44.
fxg3 Bxg3 45. Kxg3 Ke5 46. Kf3 Kd4 47. Kf4 0-1